| 000 | 00567nam a2200193Ia 4500 | ||
|---|---|---|---|
| 003 | OSt | ||
| 005 | 20250211152128.0 | ||
| 008 | 210210b1939 xxu||||| |||| 00| 0 eng d | ||
| 040 | _cAL | ||
| 041 | _ahin | ||
| 082 | _a868/17 | ||
| 100 |
_aGUPTA (Bhagvati Prasad) _9199175 |
||
| 110 |
_bगुप्ता भगवती प्रसाद _9199176 |
||
| 245 |
_aMadan mohan malaviya: _bमदन मोहन मालावीया |
||
| 260 |
_aPrayag _bChatrhitakari Pustakmala _c1939 |
||
| 690 |
_aBiography _9199177 |
||
| 906 | _a023743 | ||
| 942 |
_2ddc _cBK |
||
| 999 |
_c148709 _d148709 |
||